=LDR 00000nam 2200000 4500 =001 INLIS000000000007034 =005 20130612095110 =008 ***********************************Ind** =035 ##$$0010-061300000007034 =041 ##$$a Ind =082 ##$$a 297.8 =090 ##$$a 297.8, Abb k =100 ##$$a Abbas, K.H. Sirajuddin =245 ##$$a Kumpulan soal-jawab keagamaan, K.H. Sirajuddin Abbas =260 ##$$a 1980 $b Jakarta =650 ##$$a Islam-Tanya Jawab